[Event "M.Chigorin Memorial 2013"]
[Site "St. Petersburg"]
[Date "2013.10.10"]
[Round "6.1"]
[White "Eljanov, Pavel"]
[Black "Khismatullin, Denis"]
[Result "1/2-1/2"]
[WhiteElo "2729"]
[BlackElo "2656"]
[PlyCount "95"]
[EventDate "2013.10.05"]

1. d4 Nf6 2. c4 e6 3. Nf3 d5 4. Bg5 h6 5. Bh4 Bb4+ 6. Nc3 dxc4 7. Qa4+ Nc6 8.
e3 Bd7 9. Qc2 b5 10. a3 Bxc3+ 11. bxc3 Ne7 12. Ne5 Nf5 13. Bxf6 gxf6 14. Nxd7
Qxd7 15. a4 c6 16. g3 a5 17. Bg2 Ra6 18. d5 cxd5 19. axb5 Rb6 20. e4 dxe4 21.
Rxa5 O-O 22. Bxe4 Nd6 23. Bc6 Qc7 24. Ra4 Nxb5 25. Bxb5 Qe5+ 26. Qe2 Rxb5 27.
Qxe5 Rxe5+ 28. Kf1 Re4 29. f3 Re3 30. Rxc4 Rxf3+ 31. Ke2 Rf5 32. Rd1 Ra8 33.
Rd2 Kg7 34. Rg4+ Rg5 35. Rxg5+ hxg5 36. c4 f5 37. c5 Kf6 38. Rc2 g4 39. Kd3 e5
40. Rb2 f4 41. gxf4 Ra3+ 42. Kc4 exf4 43. c6 Ra1 44. Rc2 Ke5 45. c7 Ra8 46. Kd3
Rc8 47. Rc5+ Ke6 48. Rc6+ 1/2-1/2

[Event "M.Chigorin Memorial 2013"]
[Site "St. Petersburg"]
[Date "2013.10.10"]
[Round "6.2"]
[White "Korneev, Oleg"]
[Black "Areshchenko, Alexander"]
[Result "1/2-1/2"]
[WhiteElo "2622"]
[BlackElo "2714"]
[PlyCount "82"]
[EventDate "2013.10.05"]
[TimeControl "6000+1180"]
[WhiteClock "0:28:55"]
[BlackClock "0:31:42"]

1. e4 c5 2. Nf3 d6 3. d4 cxd4 4. Nxd4 Nf6 5. Nc3 a6 6. Be3 e5 7. Nf3 Be7 8. Bc4
O-O 9. O-O Nc6 10. Bg5 Be6 11. Bb3 Nd7 12. Bxe7 Qxe7 13. Qe2 Nc5 14. Nd5 Qd8
15. Rad1 Nxb3 16. axb3 f5 17. exf5 Bxf5 18. Ne3 Bg6 19. h3 Qf6 20. Qc4+ Kh8 21.
Qh4 Qe6 22. Qg4 Qe8 23. Rxd6 Bh5 24. Qe6 Bxf3 25. Qxe8 Raxe8 26. gxf3 Rxf3 27.
Kg2 Ref8 28. c3 Ne7 29. Ng4 R3f5 30. Re1 Ng6 31. Kh1 Nh4 32. Rd5 h5 33. Nxe5
Kg8 34. Rd4 Nf3 35. Nxf3 Rxf3 36. Re2 Rxh3+ 37. Kg2 Rhf3 38. b4 R3f5 39. Red2
Rg5+ 40. Kf1 a5 41. Rd5 Rxd5 1/2-1/2

[Event "M.Chigorin Memorial 2013"]
[Site "St. Petersburg"]
[Date "2013.10.10"]
[Round "6.3"]
[White "Kokarev, Dmitry"]
[Black "Akopian, Vladimir"]
[Result "1-0"]
[WhiteElo "2611"]
[BlackElo "2684"]
[PlyCount "81"]
[EventDate "2013.10.05"]
[TimeControl "6000+815"]
[WhiteClock "0:32:57"]
[BlackClock "0:34:32"]

1. e4 c5 2. Nf3 Nc6 3. d4 cxd4 4. Nxd4 Qb6 5. Nb3 e6 6. Nc3 a6 7. Bf4 Nf6 8. a3
Ne7 9. Qd6 Qxd6 10. Bxd6 Nc6 11. Bf4 d5 12. exd5 Nxd5 13. Nxd5 exd5 14. O-O-O
Be6 15. Be3 Be7 16. g3 Bg4 17. Re1 O-O-O 18. Bb6 Rd6 19. Bc5 Re6 20. Bg2 Re8
21. Bxd5 Bg5+ 22. Be3 Bxe3+ 23. Rxe3 Rxe3 24. fxe3 Rxe3 25. Bxf7 Re2 26. Bc4
Rf2 27. Nd2 Nd4 28. c3 Ne2+ 29. Kc2 b5 30. Bd3 h5 31. Be4 h4 32. gxh4 Bh5 33.
Kd3 Rf4 34. Ke3 Rxh4 35. Nf3 Bxf3 36. Bxf3 Nf4 37. Rg1 Ne6 38. Rg6 Nc7 39. Bg4+
Kb7 40. h3 Nd5+ 41. Ke4 1-0

[Event "M.Chigorin Memorial 2013"]
[Site "St. Petersburg"]
[Date "2013.10.10"]
[Round "6.4"]
[White "Ponkratov, Pavel"]
[Black "Matlakov, Maxim"]
[Result "0-1"]
[WhiteElo "2618"]
[BlackElo "2682"]
[PlyCount "72"]
[EventDate "2013.10.05"]
[TimeControl "6000+1045"]
[WhiteClock "0:03:09"]
[BlackClock "0:06:37"]

1. d4 Nf6 2. c4 g6 3. g3 c6 4. Nf3 Bg7 5. Bg2 O-O 6. O-O d5 7. cxd5 cxd5 8. Ne5
Ng4 9. Nxg4 Bxg4 10. Nc3 Nc6 11. h3 Bd7 12. Nxd5 Nxd4 13. Bg5 Re8 14. Be3 Nf5
15. Bc5 Bc6 16. Rb1 e6 17. e4 exd5 18. exf5 d4 19. Bxc6 bxc6 20. fxg6 hxg6 21.
Qf3 Qa5 22. Ba3 Rad8 23. Rfd1 Rd5 24. Rbc1 Re6 25. Qb3 Rf5 26. Qc4 Qe5 27. Qd3
Qf6 28. Rf1 Rf3 29. Qd1 d3 30. Re1 Rxe1+ 31. Qxe1 Qd4 32. Bb4 Rxg3+ 33. Kh2 Rg5
34. Qe3 Be5+ 35. Kh1 Qd5+ 36. f3 Qe6 0-1

[Event "M.Chigorin Memorial 2013"]
[Site "St. Petersburg"]
[Date "2013.10.10"]
[Round "6.5"]
[White "Romanov, Evgeny"]
[Black "Zhigalko, Andrey"]
[Result "1/2-1/2"]
[WhiteElo "2654"]
[BlackElo "2615"]
[PlyCount "80"]
[EventDate "2013.10.05"]
[TimeControl "5400+870"]
[WhiteClock "0:32:33"]
[BlackClock "0:32:10"]

1. c4 c5 2. g3 g6 3. Bg2 Bg7 4. Nc3 Nc6 5. Nf3 e6 6. d3 d5 7. O-O Nge7 8. Bf4
O-O 9. Qc1 b6 10. cxd5 exd5 11. Re1 d4 12. Ne4 Nd5 13. Bh6 Be6 14. h4 f6 15.
Bxg7 Kxg7 16. Nfd2 Qc7 17. a3 a5 18. Qc2 Rac8 19. Rac1 Ne5 20. Qa4 h6 21. Nf3
Qd7 22. Qxd7+ Nxd7 23. Nd6 Rb8 24. Nb5 Rfe8 25. Nd2 Red8 26. Nc4 Ne5 27. Na7
Nxc4 28. dxc4 Ne7 29. e3 Kf7 30. exd4 cxd4 31. Red1 Rd7 32. Nc6 Nxc6 33. Bxc6
Rc7 34. Be4 Rxc4 35. Rxc4 Bxc4 36. Rxd4 Be6 37. Rd6 Ke7 38. Rc6 Bd7 39. Rc3 g5
40. hxg5 hxg5 1/2-1/2

[Event "M.Chigorin Memorial 2013"]
[Site "St. Petersburg"]
[Date "2013.10.10"]
[Round "6.6"]
[White "Zhigalko, Sergei"]
[Black "Stocek, Jiri"]
[Result "1-0"]
[WhiteElo "2683"]
[BlackElo "2543"]
[PlyCount "59"]
[EventDate "2013.10.05"]
[TimeControl "6000+1145"]
[WhiteClock "0:15:22"]
[BlackClock "0:05:36"]

1. e4 e6 2. d4 d5 3. Nc3 Bb4 4. e5 b6 5. Qg4 Bf8 6. Bg5 Qd7 7. Nf3 Nc6 8. a3
Bb7 9. Bd3 h6 10. Qh3 Nge7 11. O-O O-O-O 12. b4 Rg8 13. Bd2 g5 14. g4 Bg7 15.
Ne2 Rdf8 16. b5 Na5 17. Bxa5 bxa5 18. Ng3 f6 19. exf6 Bxf6 20. Nh5 Bh8 21. Bh7
Qxb5 22. Rfe1 Qb2 23. Rab1 Qxa3 24. Rb3 Qd6 25. Rbe3 e5 26. Nxe5 Bxe5 27. Rxe5
Nc6 28. Re6 Qd8 29. Qc3 Rh8 30. Bf5 1-0

[Event "M.Chigorin Memorial 2013"]
[Site "St. Petersburg"]
[Date "2013.10.10"]
[Round "6.7"]
[White "Gabrielian, Artur"]
[Black "Zvjaginsev, Vadim"]
[Result "0-1"]
[WhiteElo "2541"]
[BlackElo "2659"]
[PlyCount "88"]
[EventDate "2013.10.05"]
[TimeControl "6000+2310"]
[WhiteClock "0:28:41"]
[BlackClock "0:35:40"]

1. e4 c5 2. Nf3 Nc6 3. d4 cxd4 4. Nxd4 g6 5. Nc3 Bg7 6. Be3 Nf6 7. Bc4 O-O 8.
Bb3 Re8 9. h3 d6 10. O-O Na5 11. f4 b6 12. e5 Nxb3 13. exf6 Nxd4 14. fxe7 Ne2+
15. Qxe2 Qxe7 16. Rfe1 Bb7 17. Rad1 Qc7 18. Qf2 Qc6 19. Rd2 Re6 20. Kh2 Rae8
21. Nd1 d5 22. c3 Re4 23. Rh1 Qc7 24. Qg3 h5 25. h4 Bf6 26. Kg1 Qc4 27. Qf2
Qxa2 28. Bd4 R8e6 29. Rh3 Bxd4 30. cxd4 Qb1 31. Kh2 Re1 32. f5 gxf5 33. Rg3+
Kf8 34. Qf4 Bc6 35. Qb8+ Be8 36. Qxa7 Qe4 37. Qa3+ Re7 38. Nf2 Qf4 39. Nd3 Qxd2
40. Nxe1 Qxe1 41. Qd6 Qe6 42. Qf4 Qf6 43. Rg5 Re4 44. Qg3 Rg4 0-1

[Event "M.Chigorin Memorial 2013"]
[Site "St. Petersburg"]
[Date "2013.10.10"]
[Round "6.8"]
[White "Can, Emre"]
[Black "Khairullin, Ildar"]
[Result "1/2-1/2"]
[WhiteElo "2513"]
[BlackElo "2651"]
[PlyCount "71"]
[EventDate "2013.10.05"]
[TimeControl "6000+840"]
[WhiteClock "0:08:22"]
[BlackClock "0:01:47"]

1. d4 d5 2. Nf3 Nf6 3. c4 c6 4. Nc3 a6 5. g3 dxc4 6. a4 a5 7. e3 Bg4 8. Bxc4 e6
9. h3 Bh5 10. g4 Bg6 11. Ne5 Bb4 12. Nxg6 hxg6 13. Qf3 Nd5 14. Bd2 Nd7 15. Rd1
Qe7 16. Kf1 O-O-O 17. Kg2 g5 18. e4 Nc7 19. Bc1 Nf8 20. Na2 Ng6 21. Kf1 f6 22.
Nxb4 Qxb4 23. Qb3 Qd6 24. Qb6 Nf4 25. Qxa5 Nxh3 26. Qc3 Nf4 27. Rxh8 Rxh8 28.
Ke1 Rh1+ 29. Bf1 Rg1 30. f3 Ng2+ 31. Kd2 Qh2 32. Kd3 Qh1 33. Ke2 Qh2 34. Kd3
Qh1 35. Ke2 Qh2 36. Kd3 1/2-1/2

[Event "M.Chigorin Memorial 2013"]
[Site "St. Petersburg"]
[Date "2013.10.10"]
[Round "6.9"]
[White "Kovalenko, Igor"]
[Black "Matinian, Nikita"]
[Result "1-0"]
[WhiteElo "2644"]
[BlackElo "2472"]
[PlyCount "105"]
[EventDate "2013.10.05"]
[TimeControl "6000+1000"]
[WhiteClock "1:09:10"]
[BlackClock "0:33:14"]

1. d4 Nf6 2. c4 g6 3. Nc3 Bg7 4. e4 d6 5. h3 O-O 6. Be3 e5 7. d5 a5 8. Bd3 Na6
9. Nge2 Nc5 10. Bc2 Ne8 11. Qd2 f5 12. exf5 Bxf5 13. O-O-O Qh4 14. g4 Bxc2 15.
Kxc2 Qf6 16. Ng3 Qf3 17. Qe2 b6 18. Qxf3 Rxf3 19. Nge4 h6 20. Bxc5 bxc5 21. Rd3
Rf4 22. f3 Nf6 23. h4 Rf8 24. Rh3 Rb8 25. Nxf6+ Bxf6 26. Ne4 Rb4 27. Rc3 a4 28.
h5 Kg7 29. a3 Rb7 30. b3 gxh5 31. gxh5 Bh4 32. bxa4 Ra7 33. Kb3 Kf7 34. Rc2
Rb7+ 35. Ka2 Ra7 36. Rb2 Be7 37. Rb8 Rxa4 38. Kb3 Ra7 39. Rh8 Kg7 40. Rc8 Kf7
41. Rb8 Bh4 42. Nc3 Be1 43. Nb5 Ra5 44. Rb7 Rxb5+ 45. Rxb5 Ke7 46. Rb8 Rd4 47.
Rh1 Bf2 48. Rh8 Be3 49. Rh7+ Kd8 50. Rb1 Kc8 51. Ka4 Bg5 52. Kb5 Kb7 53. a4 1-0

[Event "M.Chigorin Memorial 2013"]
[Site "St. Petersburg"]
[Date "2013.10.10"]
[Round "6.10"]
[White "Malakhov, Igor"]
[Black "Sjugirov, Sanan"]
[Result "1/2-1/2"]
[WhiteElo "2434"]
[BlackElo "2635"]
[PlyCount "152"]
[EventDate "2013.10.05"]
[TimeControl "6000+865"]
[WhiteClock "0:03:22"]
[BlackClock "0:00:39"]

1. e4 c5 2. Nf3 d6 3. Bb5+ Nc6 4. O-O Bd7 5. Re1 Nf6 6. c4 g6 7. d4 cxd4 8.
Nxd4 Bg7 9. Nc3 O-O 10. Nxc6 bxc6 11. Ba4 Qa5 12. Bd2 Qc5 13. Qe2 Bg4 14. Be3
Bxe2 15. Bxc5 Bxc4 16. Ba3 c5 17. Rad1 Rfd8 18. b3 Be6 19. Nd5 Bxd5 20. exd5
Kf8 21. Bb2 Rab8 22. Bxf6 Bxf6 23. Re4 Rb6 24. g4 Rdb8 25. Rc1 Bd4 26. Kg2 Rb4
27. Rc2 a5 28. h3 Be5 29. Rxb4 axb4 30. Kf3 e6 31. Bc6 Ke7 32. Re2 g5 33. Kg2
Rh8 34. Bb7 h5 35. f3 hxg4 36. fxg4 f5 37. dxe6 fxg4 38. hxg4 Kxe6 39. Be4 d5
40. Bf5+ Kd6 41. Rc2 Rh2+ 42. Kg1 Rh3 43. Kg2 Re3 44. Kf2 Bd4 45. Kf1 Rg3 46.
Rg2 Rf3+ 47. Ke2 Rh3 48. Bd3 Ke5 49. Kd2 Kf4 50. Ke2 Rh1 51. Bf5 Rh3 52. Kd1
Be3 53. Re2 Ke5 54. Kc2 Kd4 55. Be6 c4 56. bxc4 dxc4 57. Bf7 Rh1 58. Be6 Rc1+
59. Kb2 c3+ 60. Kb3 Rb1+ 61. Ka4 Rf1 62. Kxb4 Bd2 63. Bb3 Rb1 64. Ka3 Rg1 65.
Be6 Kd3 66. Rh2 Re1 67. Bf5+ Kd4 68. Rh8 Re7 69. Rd8+ Ke3 70. Rb8 Be1 71. Kb3
Kd2 72. a4 Kc1 73. a5 Re2 74. Rc8 Rb2+ 75. Ka3 c2 76. a6 Bf2 1/2-1/2

[Event "M.Chigorin Memorial 2013"]
[Site "St. Petersburg"]
[Date "2013.10.10"]
[Round "6.11"]
[White "Aitbayev, Aslan"]
[Black "Solak, Dragan"]
[Result "0-1"]
[WhiteElo "2403"]
[BlackElo "2611"]
[PlyCount "148"]
[EventDate "2013.10.05"]
[TimeControl "6000+1150"]
[WhiteClock "0:13:32"]
[BlackClock "0:02:06"]

1. e4 d6 2. d4 Nf6 3. Nc3 e5 4. Nf3 Nbd7 5. Bc4 Be7 6. O-O Nb6 7. Bd3 exd4 8.
Nxd4 O-O 9. h3 Nfd7 10. a4 Bf6 11. Be2 a5 12. Nd5 Re8 13. Nb5 Nxd5 14. exd5 Nc5
15. c3 Bd7 16. Be3 b6 17. Bxc5 bxc5 18. Bg4 Bxb5 19. axb5 g6 20. Ra4 h5 21. Bf3
Kg7 22. Qd3 Re5 23. Rfa1 Qe7 24. Kf1 Re8 25. Qd1 Bg5 26. Rxa5 Qf6 27. Ra8 R8e7
28. R8a4 Bf4 29. Qd3 Qg5 30. Re4 Rxe4 31. Bxe4 Bc1 32. b3 h4 33. Qc2 Bf4 34.
Re1 Be5 35. Qc1 Qf6 36. Bf3 Re8 37. c4 Ra8 38. Kg1 Ra2 39. Rf1 Bd4 40. Qb1 Rb2
41. Qd3 Qg5 42. Bd1 Rd2 43. Qf3 Qg3 44. Be2 Qe5 45. Bd1 Rxf2 46. Qxf2 Bxf2+ 47.
Rxf2 Qd4 48. Bc2 Qe3 49. Bd1 Qd4 50. Bc2 Qe3 51. Bd1 f5 52. Kf1 Qc1 53. Ke1
Qc3+ 54. Kf1 Kf6 55. Re2 Kg5 56. Rf2 Qe3 57. Kg1 Qe1+ 58. Rf1 Qd2 59. Kh1 Kf6
60. Kg1 Ke5 61. Kh1 Kd4 62. Kg1 Kc3 63. Rf3+ Kb4 64. Rf1 Qd4+ 65. Kh1 Kc3 66.
Kh2 g5 67. Kh1 g4 68. Kh2 Kd2 69. Kh1 Qd3 70. Kg1 Qe3+ 71. Kh1 Qd3 72. Kg1 Qe3+
73. Kh1 Qd4 74. Rg1 Qf4 0-1

[Event "M.Chigorin Memorial 2013"]
[Site "St. Petersburg"]
[Date "2013.10.10"]
[Round "6.12"]
[White "Belous, Vladimir"]
[Black "Solovjov, Sergey I"]
[Result "1-0"]
[WhiteElo "2554"]
[BlackElo "2381"]
[PlyCount "61"]
[EventDate "2013.10.05"]
[TimeControl "6000+1180"]
[WhiteClock "0:13:11"]
[BlackClock "0:28:17"]

1. c4 Nf6 2. Nc3 g6 3. d4 Bg7 4. e4 d6 5. Nf3 O-O 6. h3 e5 7. d5 Nh5 8. g3 a5
9. Be2 Na6 10. Nh2 Nf6 11. Ng4 Nc5 12. Qc2 Ne8 13. Nh6+ Kh8 14. h4 f5 15. h5 f4
16. hxg6 Qf6 17. g4 Qxg6 18. Nf5 Nf6 19. Ne7 Qg5 20. Nxc8 Nxg4 21. Ne7 Nxf2 22.
Kxf2 Qg3+ 23. Kf1 f3 24. Bd1 Nd3 25. Qd2 Rae8 26. Ng6+ Qxg6 27. Qg5 Qxg5 28.
Bxg5 Nxb2 29. Rb1 Nxc4 30. Rxb7 Bf6 31. Rxc7 1-0

[Event "M.Chigorin Memorial 2013"]
[Site "St. Petersburg"]
[Date "2013.10.10"]
[Round "6.14"]
[White "Alekseev, Evgeny"]
[Black "Arslanov, Shamil"]
[Result "1-0"]
[WhiteElo "2707"]
[BlackElo "2405"]
[PlyCount "67"]
[EventDate "2013.10.05"]

1. d4 d5 2. c4 c6 3. cxd5 cxd5 4. Bf4 Nc6 5. e3 Nf6 6. Nc3 Bf5 7. Qb3 Na5 8.
Qa4+ Bd7 9. Qc2 Rc8 10. Bd3 e6 11. Nf3 Be7 12. O-O O-O 13. Rfc1 a6 14. Ne5 Bb5
15. Bxb5 axb5 16. Qd3 b4 17. Na4 Nc4 18. Nxc4 dxc4 19. Rxc4 Qa5 20. Nc5 Nd5 21.
Bg3 Qb5 22. e4 Bxc5 23. dxc5 Nb6 24. Rd4 Qxc5 25. Bd6 Qc1+ 26. Qd1 Qxd1+ 27.
Rdxd1 Rfe8 28. Bxb4 Na4 29. b3 Nc3 30. Bxc3 Rxc3 31. Rac1 Rxc1 32. Rxc1 b5 33.
Rc5 b4 34. Rb5 1-0

[Event "M.Chigorin Memorial 2013"]
[Site "St. Petersburg"]
[Date "2013.10.10"]
[Round "6.15"]
[White "Demchenko, Anton"]
[Black "Predke, Alexandr"]
[Result "1-0"]
[WhiteElo "2632"]
[BlackElo "2464"]
[PlyCount "71"]
[EventDate "2013.10.05"]

1. e4 e5 2. Nf3 Nc6 3. Bb5 a6 4. Ba4 Nf6 5. O-O Be7 6. Re1 b5 7. Bb3 d6 8. c3
O-O 9. h3 Re8 10. d4 Bb7 11. Nbd2 Bf8 12. a3 h6 13. Bc2 Nb8 14. b4 Nbd7 15. Bb2
g6 16. a4 Rb8 17. Bd3 c6 18. Qc2 Nh5 19. Bf1 Nf4 20. Red1 Qe7 21. g3 Ne6 22.
axb5 axb5 23. Ra7 Qf6 24. Bg2 exd4 25. cxd4 d5 26. Ne5 Nxe5 27. dxe5 Qg5 28. h4
Qg4 29. Nf1 Nc7 30. Ne3 Qe6 31. exd5 Nxd5 32. Nxd5 cxd5 33. Rxb7 Rxb7 34. Bxd5
Qa6 35. e6 Kh7 36. Qc3 1-0

[Event "M.Chigorin Memorial 2013"]
[Site "St. Petersburg"]
[Date "2013.10.10"]
[Round "6.16"]
[White "Mokshanov, Alexey"]
[Black "Andriasian, Zaven"]
[Result "1-0"]
[WhiteElo "2411"]
[BlackElo "2621"]
[PlyCount "129"]
[EventDate "2013.10.05"]

1. e4 c5 2. Nf3 g6 3. c3 Bg7 4. d4 cxd4 5. cxd4 d5 6. e5 Nc6 7. Bb5 Nh6 8. O-O
O-O 9. h3 f6 10. Nc3 Nf7 11. exf6 exf6 12. Qb3 Ne7 13. Bd3 g5 14. Re1 b6 15.
Bd2 g4 16. hxg4 Bxg4 17. Nh2 Bh5 18. Nb5 a5 19. Rac1 Rc8 20. Rxc8 Nxc8 21. Qc2
Bg6 22. Bxg6 hxg6 23. Qxg6 Re8 24. Rc1 Ne7 25. Qh5 Qd7 26. a4 Rc8 27. Re1 Qf5
28. Qg4 Qxg4 29. Nxg4 Kf8 30. b4 Rc2 31. Bc3 Ra2 32. bxa5 bxa5 33. Bxa5 Rxa4
34. Bb6 f5 35. Bc5 fxg4 36. Rxe7 Kg8 37. Rd7 Ng5 38. Nc3 Rc4 39. Rxd5 Ne6 40.
Ne2 Rc2 41. Ng3 Rd2 42. Ne4 Rd1+ 43. Kh2 Nxc5 44. Nxc5 Kf7 45. Kg3 Rd2 46. Rd7+
Kg6 47. Ne4 Re2 48. Re7 Bxd4 49. Kxg4 Ra2 50. Kg3 Kf5 51. f3 Ra8 52. Rf7+ Kg6
53. Rd7 Be5+ 54. Kg4 Ra4 55. Re7 Bg7 56. f4 Bb2 57. f5+ Kh6 58. Re6+ Kg7 59.
Kh5 Ra1 60. Re7+ Kf8 61. Rb7 Bd4 62. g4 Be3 63. Kg6 Rh1 64. g5 Rh4 65. Nf6 1-0

[Event "M.Chigorin Memorial 2013"]
[Site "St. Petersburg"]
[Date "2013.10.10"]
[Round "6.17"]
[White "Tseitlin, Mark D"]
[Black "Hovhannisyan, Robert"]
[Result "0-1"]
[WhiteElo "2399"]
[BlackElo "2599"]
[PlyCount "74"]
[EventDate "2013.10.05"]

1. e4 e5 2. Nf3 Nc6 3. Nc3 Nf6 4. d4 exd4 5. Nxd4 Bb4 6. Nxc6 bxc6 7. Bd3 d6 8.
O-O Ng4 9. Na4 O-O 10. a3 Ba5 11. b4 Bb6 12. Nxb6 axb6 13. Bb2 Re8 14. Qd2 Ne5
15. Qc3 f6 16. f4 Nxd3 17. cxd3 c5 18. Rae1 Be6 19. d4 cxd4 20. Qxd4 Qd7 21.
Rf3 c5 22. Qc3 Rac8 23. Rg3 Kf8 24. Qd2 Qe7 25. Rd3 Rcd8 26. Qc3 Bf7 27. Rde3
Bg6 28. g4 h6 29. h4 cxb4 30. Qxb4 Rc8 31. Qd2 Rc4 32. f5 Bf7 33. Bc3 Kg8 34.
Kh2 Qc7 35. Kh3 Qc6 36. Qd3 Rexe4 37. Rg3 Rxe1 0-1

[Event "M.Chigorin Memorial 2013"]
[Site "St. Petersburg"]
[Date "2013.10.10"]
[Round "6.18"]
[White "Burmakin, Vladimir"]
[Black "Chashchev, Sergey"]
[Result "1-0"]
[WhiteElo "2581"]
[BlackElo "2396"]
[PlyCount "53"]
[EventDate "2013.10.05"]

1. Nf3 f5 2. g3 Nf6 3. Bg2 g6 4. b3 Bg7 5. Bb2 O-O 6. O-O d6 7. d4 Qe8 8. c4 e5
9. dxe5 Ng4 10. Nc3 Nxe5 11. Qd2 h6 12. e4 Nxf3+ 13. Bxf3 Nc6 14. Rae1 Qd8 15.
Bg2 Be6 16. Nd5 Bxd5 17. cxd5 Ne7 18. exf5 Nxf5 19. Re6 Kh7 20. Rfe1 Rf7 21.
Be4 Qg8 22. g4 Nh4 23. Rxg6 Nxg6 24. Bxg6+ Kxg6 25. Qd3+ Kg5 26. Bc1+ Kxg4 27.
Qg6+ 1-0

[Event "M.Chigorin Memorial 2013"]
[Site "St. Petersburg"]
[Date "2013.10.10"]
[Round "6.21"]
[White "Popov, Valerij"]
[Black "Vavulin, Maksim"]
[Result "1-0"]
[WhiteElo "2548"]
[BlackElo "2377"]
[PlyCount "107"]
[EventDate "2013.10.05"]

1. c4 Nf6 2. g3 e5 3. Bg2 Nc6 4. Nc3 Bb4 5. Nd5 Nxd5 6. cxd5 Ne7 7. Nf3 Ng6 8.
O-O O-O 9. d4 exd4 10. Nxd4 Bc5 11. Nb3 Bb6 12. d6 cxd6 13. Qxd6 Re8 14. e3 Re6
15. Qd1 d5 16. Bd2 Re8 17. Bc3 Be6 18. a4 a6 19. a5 Ba7 20. Bd4 Bxd4 21. Qxd4
Ne7 22. Rfc1 Nc6 23. Qb6 Ne5 24. Nd4 Qxb6 25. axb6 Rac8 26. e4 Nc4 27. Nxe6
fxe6 28. exd5 Nxb6 29. dxe6 Rxc1+ 30. Rxc1 Rxe6 31. Bxb7 a5 32. Rc5 a4 33. Rb5
Kf8 34. Rb4 Ke7 35. Be4 h6 36. Kf1 Rd6 37. Ke1 Re6 38. Kd2 Rd6+ 39. Kc3 Rf6 40.
f3 Kd8 41. h4 Kc7 42. Rb5 Kd7 43. Rf5 Rxf5 44. Bxf5+ Kd6 45. Kb4 Ke5 46. Kb5
Nd5 47. Be4 Ne3 48. Kxa4 h5 49. b4 Nf1 50. b5 Kd6 51. b6 Kd7 52. Kb5 Kc8 53. g4
Nd2 54. g5 1-0

[Event "M.Chigorin Memorial 2013"]
[Site "St. Petersburg"]
[Date "2013.10.10"]
[Round "6.22"]
[White "Usmanov, Vasily"]
[Black "Lintchevski, Daniil"]
[Result "0-1"]
[WhiteElo "2366"]
[BlackElo "2532"]
[PlyCount "105"]
[EventDate "2013.10.05"]

1. d4 Nf6 2. Nf3 e6 3. g3 b5 4. Bg2 Bb7 5. O-O c5 6. c3 Na6 7. Bg5 Be7 8. Nbd2
O-O 9. a3 d6 10. Qb1 Re8 11. e4 h6 12. Bxf6 Bxf6 13. Rd1 Qc7 14. Bf1 Qb6 15. b4
cxd4 16. cxd4 Nb8 17. e5 Be7 18. Ne4 Nd7 19. Bg2 Bxe4 20. Qxe4 d5 21. Qd3 a5
22. Bf1 Reb8 23. bxa5 Qxa5 24. Rab1 Qxa3 25. Rxb5 Rxb5 26. Qxa3 Rxa3 27. Bxb5
Rxf3 28. Bxd7 Rb3 29. Rc1 Rb8 30. Kg2 Ba3 31. Rc8+ Rxc8 32. Bxc8 Bb2 33. f4 Kf8
34. h4 Bxd4 35. h5 Ke7 36. Kf3 f6 37. exf6+ gxf6 38. Kg4 Kd6 39. Bb7 Bf2 40.
Bc8 Be1 41. Bb7 Kc5 42. Bc8 e5 43. fxe5 fxe5 44. Kf5 Bxg3 45. Ba6 e4 46. Ke6
Bb8 47. Bf1 e3 48. Be2 d4 49. Ba6 Kb4 50. Kf5 Kc3 51. Ke4 Ba7 52. Kf3 d3 53.
Ke4 0-1

[Event "M.Chigorin Memorial 2013"]
[Site "St. Petersburg"]
[Date "2013.10.10"]
[Round "6.23"]
[White "Bernadskiy, Vitaliy"]
[Black "Svetlov, Dmitry"]
[Result "1-0"]
[WhiteElo "2527"]
[BlackElo "2371"]
[PlyCount "35"]
[EventDate "2013.10.05"]

1. d4 Nf6 2. c4 g6 3. d5 Bg7 4. Nc3 O-O 5. e4 e6 6. Bd3 exd5 7. cxd5 c5 8. d6
Nc6 9. Nf3 Ne8 10. Bf4 Qf6 11. Bg3 Nxd6 12. Nd5 Qxb2 13. Rb1 Qxa2 14. Bxd6 Rd8
15. O-O c4 16. Bc2 b6 17. e5 Bb7 18. Be4 1-0

[Event "M.Chigorin Memorial 2013"]
[Site "St. Petersburg"]
[Date "2013.10.10"]
[Round "6.24"]
[White "Kozionov, Kirill"]
[Black "Oparin, Grigoriy"]
[Result "1/2-1/2"]
[WhiteElo "2368"]
[BlackElo "2526"]
[PlyCount "174"]
[EventDate "2013.10.05"]

1. e4 c5 2. Nf3 d6 3. d4 cxd4 4. Nxd4 Nf6 5. Nc3 a6 6. Be3 e5 7. Nf3 Be7 8. Bc4
O-O 9. O-O Qc7 10. Bb3 Be6 11. Qe2 Rc8 12. Rfd1 Nbd7 13. a4 Bxb3 14. cxb3 Nc5
15. Nd2 Qc6 16. Qc4 Ne6 17. Qxc6 bxc6 18. Nc4 Rab8 19. Nb6 Rc7 20. a5 Nd7 21.
Nca4 g6 22. Rac1 Ndf8 23. Rc4 f5 24. f3 Kf7 25. Rdc1 Nd8 26. Nc3 Nfe6 27. b4
Rcb7 28. Rd1 f4 29. Bf2 Nc7 30. Kf1 Ke6 31. Ke2 Na8 32. Nxa8 Rxa8 33. Bb6 Rc8
34. b5 axb5 35. Nxb5 Rcb8 36. Nc7+ Kd7 37. Na6 Rxb6 38. axb6 Rxb6 39. Nc5+ Kc7
40. Na4 Ra6 41. Nc3 Kd7 42. Ra4 Rb6 43. b4 Ne6 44. Kd3 Nd4 45. Rb1 Ke6 46. Ra5
Rb8 47. b5 Bd8 48. Ra7 cxb5 49. Nd5 Nc6 50. Rxh7 Ra8 51. Rxb5 Ra3+ 52. Kc4 Ra2
53. g3 fxg3 54. hxg3 Ra3 55. Nc3 Ba5 56. Rb3 Rxb3 57. Kxb3 Nd4+ 58. Kc4 Bxc3
59. Kxc3 Nxf3 60. Kd3 Ng5 61. Rg7 Kf6 62. Rg8 Kf7 63. Ra8 Kf6 64. Ke3 Ke6 65.
Rf8 Ke7 66. Rf1 Ke6 67. Kd3 Ke7 68. Re1 Ke6 69. Rh1 Ke7 70. Rh4 Ke6 71. Ke3 Kf6
72. Rh2 Ke6 73. Ra2 Kf6 74. Ra4 Ke6 75. Kf2 Kf6 76. Rb4 Ke6 77. Kg2 Kf6 78. Rc4
Ke6 79. Kf2 Kf6 80. Ke3 Ke6 81. Rc7 Kf6 82. Rc8 Ke6 83. Rh8 Kf6 84. Rh4 Ke7 85.
Kd3 Ke6 86. Kc3 Kf6 87. Kd3 Ke6 1/2-1/2

[Event "M.Chigorin Memorial 2013"]
[Site "St. Petersburg"]
[Date "2013.10.10"]
[Round "6.26"]
[White "Stukopin, Andrey"]
[Black "Akhmetov, Ayan"]
[Result "0-1"]
[WhiteElo "2515"]
[BlackElo "2368"]
[PlyCount "132"]
[EventDate "2013.10.05"]

1. Nf3 Nf6 2. c4 d6 3. g3 g6 4. Bg2 Bg7 5. O-O O-O 6. Nc3 e5 7. b4 a5 8. b5
Nbd7 9. Ba3 Nb6 10. d3 e4 11. Ne1 Re8 12. Rc1 exd3 13. exd3 Bg4 14. f3 Bf5 15.
Bb2 Qe7 16. g4 Bd7 17. Ne4 Nxe4 18. Bxg7 Ng3 19. hxg3 Kxg7 20. Rf2 c6 21. bxc6
Bxc6 22. Qd2 Kg8 23. f4 d5 24. c5 Nd7 25. d4 Qe3 26. Bf3 Qxd2 27. Rxd2 Re3 28.
Kf2 Ra3 29. Rb1 Re8 30. Rb3 Ra4 31. Ng2 Nf6 32. Re3 Rd8 33. Rc3 Re8 34. Ne1 h6
35. a3 g5 36. Nc2 Bd7 37. f5 h5 38. gxh5 g4 39. Bg2 Bxf5 40. Ne3 Be4 41. Rb3
Re6 42. Nd1 Rc4 43. Ne3 Rc1 44. Re2 Bxg2 45. Kxg2 Nxh5 46. Rf2 a4 47. Rd3 Nf6
48. Rf4 Kg7 49. Nxg4 Rc2+ 50. Rf2 Nxg4 51. Rxc2 Ne3+ 52. Rxe3 Rxe3 53. Rb2 Rb3
54. Re2 Rxa3 55. Re5 Ra2+ 56. Kf3 a3 57. Rg5+ Kf6 58. Rxd5 Ra1 59. c6 bxc6 60.
Ra5 a2 61. Kg2 Ke6 62. g4 Kd6 63. g5 Kc7 64. Ra7+ Kb6 65. Ra8 Kb5 66. Ra7 Kc4
0-1

[Event "M.Chigorin Memorial 2013"]
[Site "St. Petersburg"]
[Date "2013.10.10"]
[Round "6.27"]
[White "Levin, Evgeny A"]
[Black "Romanko, Marina"]
[Result "1/2-1/2"]
[WhiteElo "2512"]
[BlackElo "2359"]
[PlyCount "95"]
[EventDate "2013.10.05"]

1. d4 d5 2. c4 c6 3. Nf3 Nf6 4. e3 Bg4 5. Nc3 e6 6. h3 Bh5 7. Qb3 Qb6 8. Nh4
Qxb3 9. axb3 Na6 10. g4 Nb4 11. Ra4 Bg6 12. Nxg6 hxg6 13. f3 Be7 14. c5 a5 15.
Bd2 Nd7 16. Na2 Nxa2 17. Rxa2 e5 18. b4 exd4 19. exd4 a4 20. f4 Nf8 21. Be3 Ne6
22. Ra3 Bf6 23. Rd3 Kd7 24. g5 Bd8 25. h4 Bc7 26. Bh3 Ke7 27. Bg4 Rab8 28. Kf2
b6 29. Bd2 bxc5 30. dxc5 Bxf4 31. Bxf4 Nxf4 32. Re1+ Ne6 33. Rde3 Rxh4 34. Bxe6
fxe6 35. Rxe6+ Kf8 36. b5 cxb5 37. Kg3 Re4 38. R1xe4 dxe4 39. Rb6 Re8 40. Kf2
e3+ 41. Ke2 Re5 42. Rxb5 Ke8 43. Ra5 Kd8 44. Rxa4 Rxc5 45. Ra7 Rxg5 46. Kxe3
Rb5 47. Rxg7 Rxb2 48. Rxg6 1/2-1/2